000 00961nam a22002777a 4500
001 06375
003 HDC
007 cr bn ---aaaaa
008 210123b20062006xxu||||| |||| 00| 0 eng d
020 _a0849329817
040 _aHDC
100 _aRiaz, Mian N
_eauthor
_91457
245 0 _aProcessing of soybeans into ingredients
_c/ Mian N. Riaz
260 _aUnited States:
_bCRC Press,
_c2006
300 _a1 online resource (24 pages)
336 _atext
_2rdacontent
337 _acomputer
_2rdamedia
338 _aonline resource
_2rdacarrier
500 _aOriginally from: Practical drug enforcement, 2006 (pages 39-62)
_aIncludes bibliographical references
650 _aSoy oil
_96766
650 _aSoyfoods
_96765
856 _zRequest full-text at [email protected]
942 _2lcc
942 _cCHAP
942 _kEBCH 004254
999 _c3699
_d3699